000
00337nam a2200133Ia 4500
008
240624s9999 xx 000 0 und d
041
_a
eng
082
_a
823 GRE
100
_a
GREWAL MANRAJ
245
_a
DREAMS AFTER DARKNESS A SEARCH FOR A LIF
260
_c
2004
_a
New Delhi
_b
Rupa and Company
300
_a
232 : p.
365
_c
RS
_b
25
999
_c
17576
_d
17576